| 000 | 00839cab a2200217 4500 | ||
|---|---|---|---|
| 001 | X90130 | ||
| 008 | 090401t1998 xxu||||| |||| 00| 0 eng d | ||
| 035 | _a(Sirsi) u84581 | ||
| 041 | _aeng | ||
| 245 | _aBestway (Holdings) Ltd v Luff (HM Inspector of Taxes) | ||
| 260 | _c1998 | ||
| 350 | _a0 | ||
| 490 |
_aNew Property Cases _v[1998] NPC 22(1) |
||
| 520 | _aChD 20 February 1998. Appeal by taxpayer against a decision of the Special Commissioners - whether buildings qualified as industrial premises for the purposes of building allowances - Capital Allowances Act 1968. Headnote from journal. DO NOT PHOTOCOPY. | ||
| 650 | _aBESTWAY (HOLDINGS) LTD V LUFF (HM INSPECTOR OF TAXES) | ||
| 650 | _aBUILDING ALLOWANCES | ||
| 650 | _aCAPITAL ALLOWANCES ACT 1968 | ||
| 690 | _aTAXATION-CASE LAW | ||
| 942 | _n0 | ||
| 948 | _c27/02/1998 | ||
| 999 |
_c53164 _d53164 |
||